000 00624nam a2200253Ia 4500
005 20260121160945.0
008 008 260114s9999 xx 000 0 eng d
020 _a9780203765654
037 _aEBOOK
040 _aCRL
040 _beng
040 _cCRL
041 _2eng
041 _aeng
084 _qCRL
100 _a Charles Russo
_91038427
245 0 _aInternational Perspectives on Education, Religion and Law
260 _bTaylor and Francis
260 _c2014
856 _uhttp://www.taylorfrancis.com/books/9780203765654
942 _cEBOOK
999 _c1605243
_d1605243